Foodservice management in the Philippines / (Record no. 363082)
[ view plain ]
| 000 -LEADER | |
|---|---|
| fixed length control field | 00659nam a2200229Ia 4500 |
| 008 - FIXED-LENGTH DATA ELEMENTS--GENERAL INFORMATION | |
| fixed length control field | 191119s9999 xx 000 0 und d |
| 020 ## - INTERNATIONAL STANDARD BOOK NUMBER | |
| International Standard Book Number | 978-971-98-0419-2 |
| 050 ## - LIBRARY OF CONGRESS CALL NUMBER | |
| Classification number | FIL TX 911.3 |
| 050 ## - LIBRARY OF CONGRESS CALL NUMBER | |
| Item number | .M27P47 2016 |
| 100 ## - MAIN ENTRY--PERSONAL NAME | |
| Personal name | Perdigon, Grace P. |
| 245 #0 - TITLE STATEMENT | |
| Title | Foodservice management in the Philippines / |
| 245 #0 - TITLE STATEMENT | |
| Statement of responsibility, etc | Grace P. Perdigon. |
| 250 ## - EDITION STATEMENT | |
| Edition statement | 2nd Edition |
| 260 ## - PUBLICATION, DISTRIBUTION, ETC. (IMPRINT) | |
| Place of publication, distribution, etc | Philippines : |
| 260 ## - PUBLICATION, DISTRIBUTION, ETC. (IMPRINT) | |
| Name of publisher, distributor, etc | C&E Publishing, |
| 260 ## - PUBLICATION, DISTRIBUTION, ETC. (IMPRINT) | |
| Date of publication, distribution, etc | 2016 |
| 300 ## - PHYSICAL DESCRIPTION | |
| Extent | 211 pages : |
| 300 ## - PHYSICAL DESCRIPTION | |
| Other physical details | illustrations (some colored) ; |
| 300 ## - PHYSICAL DESCRIPTION | |
| Dimensions | 26 cm. |
| 500 ## - GENERAL NOTE | |
| General note | Includes bibliographic references and index. |
| 650 ## - SUBJECT ADDED ENTRY--TOPICAL TERM | |
| Topical term or geographic name as entry element | Food service management -- Philippines. |
| Withdrawn status | Lost status | Damaged status | Home library | Current library | Shelving location | Date acquired | Cost, normal purchase price | Total Checkouts | Full call number | Barcode | Date last seen | Price effective from | Koha item type |
|---|---|---|---|---|---|---|---|---|---|---|---|---|---|
| South Mansfield College | South Mansfield College | Filipiniana Section | 07/30/2019 | 547.20 | FIL TX 911.3 .M27P47 2016 | SMC06217 | 06/01/2020 | 06/01/2020 | Books |